<?xml version="1.0" encoding="UTF-8"?>
<marc:record xmlns:marc="http://www.loc.gov/MARC21/slim">
   <marc:leader>00000nam a2200000 a 4500</marc:leader>
   <marc:datafield ind1="1" ind2=" " tag="100">
      <marc:subfield code="a">Clarke, Banjo</marc:subfield>
      <marc:subfield code="4">aut</marc:subfield>
      <marc:subfield code="e">Verfasser/-in</marc:subfield>
   </marc:datafield>
   <marc:datafield ind1=" " ind2=" " tag="653">
      <marc:subfield code="a">Geschichte</marc:subfield>
   </marc:datafield>
   <marc:datafield ind1=" " ind2=" " tag="653">
      <marc:subfield code="a">Aborigines</marc:subfield>
   </marc:datafield>
   <marc:datafield ind1=" " ind2=" " tag="653">
      <marc:subfield code="a">Australien</marc:subfield>
   </marc:datafield>
   <marc:datafield ind1=" " ind2=" " tag="653">
      <marc:subfield code="a">Biographie</marc:subfield>
   </marc:datafield>
   <marc:datafield ind1=" " ind2=" " tag="653">
      <marc:subfield code="a">Clarke *1922-2000*</marc:subfield>
   </marc:datafield>
   <marc:datafield ind1=" " ind2=" " tag="653">
      <marc:subfield code="a">Lebensform</marc:subfield>
   </marc:datafield>
   <marc:datafield ind1="0" ind2="0" tag="245">
      <marc:subfield code="a">Im Zeichen der Regenbogen-Schlange</marc:subfield>
   </marc:datafield>
   <marc:datafield ind1=" " ind2="1" tag="264">
      <marc:subfield code="b">Nymphenburger</marc:subfield>
      <marc:subfield code="c">2009</marc:subfield>
   </marc:datafield>
   <marc:datafield ind1="1" ind2=" " tag="520">
      <marc:subfield code="a">Klappentext: "Das Leben sollte als etwas Heiliges betrachtet und daher behutsam behandelt werden. Wenn etwas Schreckliches geschieht, hältst du für eine Weile inne und denkst darüber nach. Anschließend tastest du dich an das nächste große Problem heran, das vor dir auftaucht - wie Wasser an einen Felsen. Aber de... mehrnnoch bist du wo immer du kannst, den Menschen behilflich; auch deinem schlimmsten Widersacher."   Das Leben von Banjo Clarke war so bemerkenswert, dass es unzählige andere berührte, obgleich er niemals darauf aus war. Seine Geschichte und die seines Volkes waren geprägt von Armut und innerem Reichtum, von Diskriminierung und Versöhnung, von Zeiten des Aufruhrs und des friedlichen Miteinanders. Banjo, der als "Wisdom Man" weit über die Grenzen Australiens hinaus bekannt wurde, war ein Mensch, der sich für Liebe und Vergebung stark machte und dabei von tiefer Verbundenheit mit seinem Land und den Werten und Traditionen der Aborigines getragen wurde. Seine Überzeugung, dass diese Glaubensinhalte dazu beitragen, die Welt von Gier, Ungerechtigkeit und Herzlosigkeit zu befreien, gab ihm den Anstoß, Camilla Chance seine Lebensgeschichte zu erzählen. Mehr als zwei Jahrzehnte lang schrieb sie Banjos Gedanken und Geschichten auf. Damit hat sie nicht nur immensen Anteil an Banjos Vermächtnis an die Nachwelt, sondern ebenso daran, dass der uralten Weisheit der Aborigines in der heutigen Zeit die Würdigung entgegengebracht wird, die ihr lange Zeit verwehrt wurde.</marc:subfield>
   </marc:datafield>
   <marc:datafield ind1=" " ind2=" " tag="020">
      <marc:subfield code="a">9783485011853</marc:subfield>
      <marc:subfield code="9">9783485011853</marc:subfield>
   </marc:datafield>
</marc:record>
